|
|
|
|
| LEADER |
00000nab a2200000ua 4500 |
| 001 |
vtls010843002 |
| 003 |
SK-MaSNL |
| 005 |
20260303103855.0 |
| 008 |
230121s1956 xo |||||||||||||||||cze| |
| 035 |
|
|
|a (urnnbn)urn:nbn:sk:snk:ar-a0703e
|
| 035 |
|
|
|a urn:nbn:sk:snk-ab656v
|
| 035 |
|
|
|a (uuid)4489bbb2-7fd4-4dfb-8507-9b9fac4c8430
|
| 040 |
|
|
|a SNKBUCL
|b slo
|c SNKBUCL
|e AACR2
|
| 041 |
0 |
|
|a cze
|
| 044 |
|
|
|a xo
|c SK
|
| 100 |
1 |
|
|a Picko, Václav
|4 aut
|9 1117976
|
| 245 |
1 |
0 |
|a POKUS O KLASIFIKACI TEPLOTNÍCH POMĚRŮ KRAJOVÝCH
|c Václav Picko
|
| 773 |
0 |
|
|t Meteorologické zprávy
|g Roč. 9, č. 3 (1956), s. 81-84
|
| 954 |
|
|
|a odborná, vedecká literatúra cudzojazyčná (svetová)
|2 lita
|
| 958 |
|
|
|a OND
|
| 958 |
|
|
|a EUIPO
|
| 958 |
|
|
|a article5
|
| 999 |
|
|
|c 1852621
|d 1854551
|